000 02678nam a22002657a 4500
001 216219141
003 UA-OsUOA
005 20210118134208.0
008 200828b un ||||| m||| 00| 0 ukr d
040 _aUA-OsUOA
_bukr
_cUA-OsUOA
_dUA-OsUOA
041 _aukr
080 _a811.111'42
090 _a811.111'42
095 _a10.02.04
_bгерманські мови
100 _aКобзєва О. О.
245 _aСтратегії та тактики судді в американському судовому дискурсі
_cКобзєва Олена Олександрівна ; наук. керівник Фролова Ірина Євгенівна
260 _aХарків
_c2017
300 _a20 с.
502 _6Автореферат дисертації на здобуття наукового ступеня кандидата філологічних наук
_cХарківський національний університет імені В. Н. Каразіна
_d2017
520 _aДисертацію присвячено виявленню стратегічних характеристик висловлень, продукованих суддею в судовому засіданні — провідному жанрі американського судового дискурсу. Дискурсивна стратегія судці визначена його інституційною роллю та структурована глобальною стратегією УПРАВЛІННЯ, локальними стратегіями розпорядження, контролю, апеляції ДО НОРМ І ПРОЦЕДУР, узгодження позицій, мовленнєвими стратегіями спонукання, дозволу/заборони, інформування, метакомунікативною стратегією та тактиками цих стратегій. Кожній тактиці властивий певний набір прийомів та/або вербальних засобів реалізації. Мовленнєві стратегії демонструють якісно-кількісне варіювання під впливом ситуаційних чинників та кількісне варіювання під впливом дискурсивної особистості судді.
650 _2UDC
_a811.111 Англійська мова
942 _2udc
_cAR
955 _a1
999 _c461150
_d461150